Loading...
| Geography | 0 | 6 | 1 | 0 | 55 | 39 | 84.33 | 1 | 1 | 0.00 | 0.00 |
| History - World | 0 | 5 | 0 | 1 | 50 | 17 | 87.00 | 1 | 2 | 0.00 | 0.00 |
| Religion | 0 | 5 | 2 | 0 | 40 | 52 | 98.80 | 0 | 0 | 0.00 | 0.00 |
| History - European | 0 | 5 | 3 | 2 | 35 | 39 | 102.00 | 0 | 1 | 0.00 | 0.00 |
| Social Science | 0 | 2 | 0 | 0 | 20 | 29 | 57.50 | 1 | 1 | 0.00 | 0.00 |
| Any History | 0 | 2 | 1 | 0 | 15 | 125 | 127.50 | 0 | 0 | 0.00 | 0.00 |
| Current Events | 0 | 1 | 0 | 0 | 10 | 132 | 132.00 | 0 | 0 | 0.00 | 0.00 |
| Literature - British | 0 | 1 | 0 | 0 | 10 | 59 | 59.00 | 1 | 1 | 0.00 | 0.00 |
| Mythology | 0 | 1 | 0 | 0 | 10 | 72 | 72.00 | 0 | 0 | 0.00 | 0.00 |
| Painting & Sculpture | 0 | 1 | 0 | 0 | 10 | 83 | 83.00 | 0 | 1 | 0.00 | 0.00 |
| Literature - American | 0 | 1 | 0 | 0 | 10 | 86 | 86.00 | 0 | 0 | 0.00 | 0.00 |
| Literature - World | 0 | 1 | 1 | 1 | 5 | 149 | 149.00 | 0 | 0 | 0.00 | 0.00 |
| Science - Other | 0 | 0 | 0 | 0 | 0 | 0.00 | 0 | 0 | 0.00 | 0.00 | |
| History - American | 0 | 0 | 0 | 0 | 0 | 0.00 | 0 | 0 | 0.00 | 0.00 | |
| Literature - European | 0 | 0 | 1 | 0 | -5 | 0.00 | 0 | 0 | 0.00 | 0.00 |